DB Baureihen Namen - Bahn - Statistiken

Allgemein
  • Dieses Quiz wurde 100 mal gespielt
    98 seit der letzten Aktualisierung
  • Das Durchschnittsergebnis liegt bei 19 aus 53
Antwortstatistiken
Baureihennummer Name % Korrekt
401 ICE 1
76%
402 ICE 2
76%
403 ICE 3
76%
412 ICE 4
73%
411 415 ICE T
71%
193 Siemens Vectron
68%
145 146.0 146.1 185 186 483 Bombardier Traxx
63%
408 Siemens Velaro MS
63%
643 644 Bombardier Talent
62%
182 Taurus
60%
442/443 1442/1443 2442/2443 3442/3443 TALENT 2
57%
605 ICE TD
56%
407 Siemens Velaro D
52%
463 Siemens Mireo
51%
429 FLIRT
46%
146.2 146.2 185.2 Bombardier Traxx 2
44%
147.0 147.5 187.0 187.1 Bombardier Traxx 3
44%
406 ICE 3M
44%
4110 Stadler KISS
44%
445 Stadler KISS
44%
232 Ludmilla
43%
440/441 1440/1441 Alstom Coradia Continental
40%
102 Skoda 109E
38%
554 Alstom Coradia iLint
37%
620 622 623 640 Alstom Coradia LINT
37%
612 Regio-Swinger
37%
650 Regio-Shuttle RS1
35%
1462 4462 Siemens Desiro HC
35%
410.1 410.2 ICE S
33%
445 446 Bombardier Twindexx Vario
32%
1428 429.1 FLIRT 3
32%
642 Siemens Desiro Classic
30%
563 Wasserstoff Siemens Mireo Plus H
25%
2159 Stadler Eurodual
25%
2248 Siemens Vectron Dual Mode
24%
563 Akku Simens Mireo Plus B
22%
526 Stadler Flirt Akku
21%
631 632 633 PESA LINK
17%
247 Siemens Vectron DE
14%
266 Class 66
13%
310 323 324 Köf II
13%
332 333 335 Köf III
13%
2249 Siemens Vectron Dual Mode light
13%
260 261 265 Voith Gravita
13%
245 246 Bombardier Traxx DE
11%
1002 Alstom Prima H3
8%
4125 Vossloh DE 12
8%
4185 Vossloh DE 18
8%
641 Alstom Coradia A TER
6%
186.1 Bombardier Traxx 2E
6%
105 Talgo Travca
6%
1004 CRRC Rangierlok
3%
1018 Toshiba Railway HDB 800
3%
Keine übereinstimmenden Quizze gefunden
Verteilung der Resultate
Anzahl Personen mit jedem Resultat
Perzentil nach korrekt beantworteten Fragen
Ihre Resultats-Entwicklung
Sie haben dieses Quiz seit der letzten Aktualisierung nicht gespielt